El largo adios / (Record no. 50980)

MARC details
000 -LEADER
campo de control de longitud fija 00570nam a2200193 i 4500
001 - NÚMERO DE CONTROL
campo de control 50980
003 - IDENTIFICADOR DE NÚMERO DE CONTROL
campo de control ES-MaACL
005 - FECHA Y HORA DE LA ÚLTIMA TRANSACCIÓN
campo de control 20251015063058.0
007 - CAMPO FIJO DE DESCRIPCIÓN FÍSICA--INFORMACIÓN GENERAL
campo de control de longitud fija t|
008 - DATOS DE LONGITUD FIJA--INFORMACIÓN GENERAL
campo de control de longitud fija 030807s1973 sp ||||1| spa d
100 1# - ENTRADA PRINCIPAL--NOMBRE DE PERSONA
Nombre de persona Chandler, Raymond,
Fechas asociadas al nombre 1888-1959
9 (RLIN) 37954
245 13 - MENCIÓN DEL TÍTULO
Título El largo adios /
Mención de responsabilidad, etc. Raymond Chandler ; [traducción de José Antonio Lara].
250 ## - MENCION DE EDICION
Mención de edición [1ª ed.].
260 ## - PUBLICACIÓN, DISTRIBUCIÓN, ETC.
Lugar de publicación, distribución, etc. Barcelona :
Nombre del editor, distribuidor, etc. Barral,
Fecha de publicación, distribución, etc. 1973.
300 ## - DESCRIPCIÓN FÍSICA
Extensión 457 p. ;
Dimensiones 19 cm.
700 1# - ENTRADA AGREGADA--NOMBRE PERSONAL
Nombre de persona Lara, José Antonio.
9 (RLIN) 70205
852 ## - LOCALIZACIÓN
Ubicación ES-MaACL
Número de control de estantería C-54403
Sublocalización o colección R.87318
Holdings
Estatus retirado Estado de pérdida Estado de daño No para préstamo Biblioteca de origen Biblioteca actual Ubicación en estantería Fecha de adquisición Fuente de adquisición Total de préstamos Signatura topográfica completa Código de barras Visto por última vez Precio de reemplazo Tipo de ítem Koha
        Biblioteca del Ateneo de Madrid Biblioteca del Ateneo de Madrid Depósito 2 17/01/2008     C-54403 1053611 23/02/2023 23/02/2023 Libro impreso